Caesar A , Sketch

Uloženo v:
Podrobná bibliografie
Hlavní autor: Froude, James Anthony
Médium: Kniha
Jazyk:angličtina
Vydáno: Harper and Brothers. 1899.
Témata:
Tagy: Přidat tag
Žádné tagy, Buďte první, kdo vytvoří štítek k tomuto záznamu!

MARC

LEADER 00000nam a22000005a 4500
001 13635
003 CL-ChBUA
005 20120815103501.0
008 070301s1899 xxu 000 0 eng
040 |a CL-ChBUA  |c CL-ChBUA 
082 0 0 |a 937.92 
090 |c 13635  |d 13635 
100 1 |a Froude, James Anthony. 
245 1 0 |a Caesar A , Sketch 
260 |b Harper and Brothers.  |c 1899. 
300 |a 436 p.  |c 20 cm. 
504 |a Indice. 
650 4 |a CESAR, JULIO - BIOGRAFIA. 
942 |c LIB 
952 |0 0  |1 0  |4 0  |7 0  |9 19258  |a UNACH  |b UNACH  |c 900  |d 2007-03-05  |i 250.  |l 0  |o 937.92 / C 421f.  |p 20257  |r 2012-12-27 00:00:00  |u 19258  |w 2012-08-08  |y LIB  |k 937.92 / C 421f. 
999 |c 13635  |d 13635